00407nam a2200145Ia 450000500170000000800410001702000150005808200130007310000220008624500590010826000490016730000200021665000140023665000110025020240515030547.0240331s9999 xx 000 0 und d a9559620118 bPARa333 aParanavitana, K.D 0aLand for money :bDutch land registration in Sri Lanka aColombobNational Library of Sri Lankac2001 axiii, 164 p .,  aPolitical aSocial